Normal view
MARC view
Entry Uniform Title
001 - CONTROL NUMBER
- control field: 35566
003 - CONTROL NUMBER IDENTIFIER
- control field: ARRUPE
005 - DATE AND TIME OF LATEST TRANSACTION
- control field: 20170904121423.0
008 - FIXED-LENGTH DATA ELEMENTS
- fixed length control field: 170904|| aca||aabn | a|a d
040 ## - CATALOGING SOURCE
- Original cataloging agency: ARRUPE
- Transcribing agency: ARRUPE
130 ## - HEADING--UNIFORM TITLE
- Uniform title: Bible.
- Name of part/section of a work: Old Testament.
- Language of a work: Aramaic
- General subdivision: Criticism, interpretation, etc.
670 ## - SOURCE DATA FOUND
- Source citation: Work cat.: (ARRUPE)0: Ronning, John L., 1954- 35565, The Jewish Targums and John's logos theology /, c2009.